000 004610000a22001930004500
999 _c49303
_d49303
001 2157
003 CO-MdFUSB
005 20170926151051.0
008 170926b xxu||||| |||| 00| 0 eng d
020 _a978-0-8254-1219-6
040 _cCO-MdBIC
082 0 4 _a868HC An23p
100 1 _aAnderson, Debby
245 1 0 _aYo puedo hablar con Dios / Debby Anderson
260 _aUSA : Portavoz
300 _a(30 P.)
650 1 4 _aCuento Cristiano
942 _cLGB